ACTIVITA KYSLEJ FOSFATÁZY V JEJUNE BEHÚŇOV ZAOSTÁVAJÚCICH V RASTE

Bibliographic Details
Main Authors: Lenhardt, Ľudovít, 1951- (Author), Tomková, I. (Author), Lorinčák, Ľ. (Author), Petrovský, M. (Author), Mozeš, Š. (Author), Šefčíková, Zuzana (MVDr.) (Author)
Format: Article
Language:Slovak
ISBN:9788080770907

MARC

LEADER 00000naa a2200000uu 4500
001 vtls011052433
003 SK-MaSNL
005 20260302135240.0
008 210909|2008 xo |||||||||||||||||slo|
015 |a SNBRA 
035 |a (urnnbn)urn:nbn:sk:snk:ar-a0bvsz 
035 |a (uuid)0df308c2-7765-4a15-96de-d1dbf2600524 
035 |a urn:nbn:sk:snk-aav2k7 
040 |a SNKBUCL  |b slo  |c SNKBUCL  |e AACR2 
041 0 |a slo 
044 |a xo  |c SK 
100 1 |a Lenhardt, Ľudovít,  |d 1951-  |4 aut  |9 196041 
245 1 0 |a ACTIVITA KYSLEJ FOSFATÁZY V JEJUNE BEHÚŇOV ZAOSTÁVAJÚCICH V RASTE  |c Ľ. Lenhardt, I. Tomková, Ľ. Lorinčák, M. Petrovský, Š. Mozeš, Z. Šefčíková 
700 1 |a Tomková, I.  |4 aut  |9 375316 
700 1 |a Lorinčák, Ľ.  |4 aut  |9 810384 
700 1 |a Petrovský, M.  |4 aut  |9 807752 
700 1 |a Mozeš, Š.  |4 aut  |9 775988 
700 1 |a Šefčíková, Zuzana  |c (MVDr.)  |4 aut  |9 12253 
773 0 |t 11. Košický morfologický deň "Biomechanické vlastnosti tkanív"  |d Košice : Univerzita veterinárneho lekárstva, 2008  |g S. 74-75  |z 9788080770907 
958 |a OND 
958 |a article12 
958 |a chapter 
999 |c 1326821  |d 1328751